[Event "Bucharest ROM GP"]
[Site "Bucharest"]
[Date "2025.05.11"]
[Round "5"]
[White "Craciun, Sasha Matei"]
[Black "Istratescu, Andrei"]
[Result "1/2-1/2"]
[WhiteElo "2304"]
[BlackElo "2350"]
[PlyCount "38"]
[EventDate "2025.05.10"]
[EventType "swiss"]
[EventRounds "10"]
[EventCountry "ROU"]
[SourceTitle "CB20_2025"]
[SourceDate "2025.05.14"]
[SourceVersion "1"]
[SourceVersionDate "2025.05.14"]
[SourceQuality "1"]

1. e4 c5 2. Nf3 Nc6 3. d4 cxd4 4. Nxd4 g6 5. c4 Bg7 6. Be3 Nf6 7. Nc3 d6 8. Be2 0-0 9. 0-0 Bd7 10. f3 Nxd4 11. Bxd4 a5 12. b3 Bc6 13. Qd2 Nd7 14. Bf2 Nc5 15. Rab1 Qc7 16. Rfc1 Rfc8 17. Nd5 Qd8 18. Be3 e6 19. Nc3 Be5 1/2-1/2

[Event "Bucharest ROM GP"]
[Site "Bucharest"]
[Date "2025.05.11"]
[Round "7"]
[White "Istratescu, Andrei"]
[Black "Miroiu, George Catalin"]
[Result "1-0"]
[WhiteElo "2350"]
[BlackElo "2294"]
[PlyCount "45"]
[EventDate "2025.05.10"]
[EventType "swiss"]
[EventRounds "10"]
[EventCountry "ROU"]
[SourceTitle "CB20_2025"]
[SourceDate "2025.05.14"]
[SourceVersion "1"]
[SourceVersionDate "2025.05.14"]
[SourceQuality "1"]

1. e4 c6 2. c4 d5 3. exd5 cxd5 4. cxd5 Nf6 5. Qa4+ Nbd7 6. Nc3 g6 7. Bc4 Bg7 8. d3 0-0 9. Nf3 a6 10. Qa3 Nb6 11. Qb3 Nxc4 12. dxc4 e6 13. 0-0 b5 14. cxb5 Nxd5 15. Rd1 axb5 16. Nxd5 exd5 17. Be3 Qa5 18. Bd4 Bh6 19. Bc3 Qa4 20. Qxd5 Re8 21. Ng5 Ra7 22. Re1 Rf8 23. Ne4 1-0

[Event "Bucharest ROM GP"]
[Site "Bucharest"]
[Date "2025.05.11"]
[Round "8"]
[White "Istratescu, Andrei"]
[Black "Tudor, Henry Edward"]
[Result "0-1"]
[WhiteElo "2350"]
[BlackElo "2376"]
[PlyCount "116"]
[EventDate "2025.05.10"]
[EventType "swiss"]
[EventRounds "10"]
[EventCountry "ROU"]
[SourceTitle "CB20_2025"]
[SourceDate "2025.05.14"]
[SourceVersion "1"]
[SourceVersionDate "2025.05.14"]
[SourceQuality "1"]

1. e4 c5 2. Nf3 d6 3. d4 cxd4 4. Nxd4 Nf6 5. Nc3 a6 6. h3 Nc6 7. g4 g6 8. Be3 Nxd4 9. Bxd4 Bh6 10. Qd3 Be6 11. Rg1 Bg7 12. f4 Rc8 13. Qe3 0-0 14. 0-0-0 Qa5 15. a3 Nd7 16. Bxg7 Kxg7 17. Qd4+ f6 18. g5 Qc5 19. gxf6+ Rxf6 20. f5 Qxd4 21. Rxd4 Bf7 22. h4 Ne5 23. Be2 Kh6 24. fxg6 hxg6 25. Rdd1 Rf4 26. Rh1 Be6 27. Rdf1 Rcf8 28. Rxf4 Rxf4 29. Kd2 Nc4+ 30. Bxc4 Bxc4 31. Ke3 Rf6 32. b3 Be6 33. Ne2 Bg4 34. Nf4 e5 35. Nd5 Rf3+ 36. Kd2 Rf2+ 37. Kd3 Rf3+ 38. Kd2 Kh5 39. Nb6 Rf2+ 40. Kd3 Rf3+ 41. Kd2 Be6 42. Rg1 Rf6 43. Rh1 Rf4 44. Ke3 Rxh4 45. Rd1 Rh3+ 46. Kf2 Rh2+ 47. Kg3 Rxc2 48. Rxd6 Bxb3 49. Nd7 Rc3+ 50. Kf2 Bc2 51. Rb6 Rc7 52. Nf6+ Kg5 53. Ke3 Rc3+ 54. Kd2 Rc6 55. Nh7+ Kh6 56. Rxb7 Bxe4 57. Nf8 Rd6+ 58. Ke3 Bxb7 0-1

[Event "Bucharest ROM GP"]
[Site "Bucharest"]
[Date "2025.05.10"]
[Round "3"]
[White "Traistaru, Teodora"]
[Black "Istratescu, Andrei"]
[Result "0-1"]
[WhiteElo "2106"]
[BlackElo "2350"]
[PlyCount "108"]
[EventDate "2025.05.10"]
[EventType "swiss"]
[EventRounds "10"]
[EventCountry "ROU"]
[SourceTitle "CB20_2025"]
[SourceDate "2025.05.14"]
[SourceVersion "1"]
[SourceVersionDate "2025.05.14"]
[SourceQuality "1"]

1. e4 c5 2. c3 e6 3. d4 d5 4. e5 Nc6 5. Nf3 Bd7 6. Be2 Nge7 7. 0-0 cxd4 8. cxd4 Nf5 9. b3 Be7 10. Ba3 h5 11. Bxe7 Qxe7 12. Nc3 g5 13. Nb5 Rc8 14. Bd3 a6 15. Bxf5 axb5 16. Bd3 g4 17. Ne1 Nxd4 18. Nc2 Nxc2 19. Bxc2 Qg5 20. Qe2 Qf4 21. Bd3 b4 22. Qe3 Qxe3 23. fxe3 Rc3 24. Rad1 Ke7 25. Rf4 Ra8 26. Rxb4 Bc6 27. a4 f6 28. exf6+ Kxf6 29. Kf2 e5 30. Rd2 Ke6 31. Bg6 Rh8 32. Rc2 Rxc2+ 33. Bxc2 Kd6 34. Rb6 h4 35. b4 Rf8+ 36. Ke1 Kc7 37. a5 d4 38. e4 Rf4 39. g3 hxg3 40. hxg3 Rf3 41. b5 Bxe4 42. Bxe4 Re3+ 43. Kd2 Rxe4 44. Rg6 Re3 45. Rg7+ Kc8 46. Rxg4 Rb3 47. a6 bxa6 48. bxa6 Ra3 49. Re4 Ra5 50. g4 Kd7 51. a7 Ke6 52. g5 Rxa7 53. g6 Rg7 54. Rg4 Kf5 0-1

[Event "ROM-chT"]
[Site "Mamaia"]
[Date "2024.10.02"]
[Round "5.4"]
[White "Istratescu, Andrei"]
[Black "Sachilaru, Alexandru"]
[Result "1/2-1/2"]
[WhiteElo "2370"]
[BlackElo "2265"]
[PlyCount "24"]
[EventDate "2024.09.28"]
[EventType "team-tourn"]
[EventRounds "9"]
[EventCountry "ROU"]
[SourceTitle "EXT 2025"]
[Source "ChessBase"]
[SourceDate "2024.10.14"]
[SourceVersion "1"]
[SourceVersionDate "2024.10.14"]
[SourceQuality "1"]
[WhiteTeam "Baia Mare Municipiului"]
[BlackTeam "Buzau Phoenix"]
[WhiteTeamCountry "ROU"]
[BlackTeamCountry "ROU"]

1. d4 Nf6 2. c4 g6 3. Nc3 Bg7 4. e4 d6 5. Be2 0-0 6. Nf3 e5 7. 0-0 Nc6 8. d5 Ne7 9. Nd2 Bh6 10. Rb1 a5 11. a3 a4 12. Bd3 Bd7 1/2-1/2

[Event "Arad op 17th"]
[Site "Arad"]
[Date "2024.08.06"]
[Round "2"]
[White "Istratescu, Andrei"]
[Black "Balog, Imre1"]
[Result "1/2-1/2"]
[WhiteElo "2377"]
[BlackElo "2627"]
[PlyCount "74"]
[EventDate "2024.08.05"]
[EventType "swiss"]
[EventRounds "9"]
[EventCountry "ROU"]
[SourceTitle "CBM 221 Extra"]
[Source "ChessBase"]
[SourceDate "2024.09.30"]
[SourceVersion "1"]
[SourceVersionDate "2024.09.30"]
[SourceQuality "1"]

1. e4 e6 2. d4 d5 3. Nd2 Nf6 4. e5 Nfd7 5. Bd3 c5 6. c3 b6 7. Ne2 Ba6 8. Bxa6 Nxa6 9. Nf3 Be7 10. 0-0 0-0 11. Nf4 Nc7 12. Re1 b5 13. a4 Qb8 14. Be3 b4 15. dxc5 Nxc5 16. Qe2 bxc3 17. bxc3 Qe8 18. c4 Rd8 19. Qc2 Rc8 20. cxd5 Nxd5 21. Nxd5 exd5 22. Nd4 Qd7 23. Nf5 Ne6 24. Qd3 d4 25. Bd2 Rfe8 26. Nxe7+ Qxe7 27. f4 Nc5 28. Qf3 Qb7 29. Qxb7 Nxb7 30. Rec1 Nc5 31. Kf1 f6 32. Ra2 d3 33. Ra3 Ne4 34. Rxc8 Nxd2+ 35. Ke1 Rxc8 36. Kxd2 fxe5 37. Rxd3 exf4 1/2-1/2

[Event "Timisoara Foisor Memorial Rapid"]
[Site "Timisoara"]
[Date "2024.08.03"]
[Round "3"]
[White "Istratescu, Andrei"]
[Black "Avramidou, Anastasia"]
[Result "1-0"]
[WhiteElo "2377"]
[BlackElo "2269"]
[PlyCount "123"]
[EventDate "2024.08.03"]
[EventType "swiss (rapid)"]
[EventRounds "9"]
[EventCountry "ROU"]
[SourceTitle "CBM 221 Extra"]
[Source "ChessBase"]
[SourceDate "2024.09.30"]
[SourceVersion "1"]
[SourceVersionDate "2024.09.30"]
[SourceQuality "1"]

1. d4 Nf6 2. c4 g6 3. Nc3 d5 4. Bg5 Ne4 5. Bh4 Nxc3 6. bxc3 Bg7 7. e3 c5 8. Nf3 h6 9. cxd5 cxd4 10. cxd4 Qxd5 11. Rc1 Nc6 12. Bc4 Qa5+ 13. Qd2 Qxd2+ 14. Kxd2 Bd7 15. Rb1 Na5 16. Bd5 g5 17. Bg3 g4 18. Ne5 Bxe5 19. Bxe5 Rg8 20. Rhc1 Rc8 21. Rxc8+ Bxc8 22. Rc1 Nc6 23. Bxc6+ bxc6 24. Rxc6 Be6 25. Ra6 Rg5 26. e4 Bc4 27. Rxa7 f6 28. Bf4 Rb5 29. a4 Rb3 30. Bxh6 Rd3+ 31. Kc2 Rxd4 32. Be3 Rxe4 33. a5 Re6 34. Kc3 Bf1 35. g3 Kf7 36. Rd7 Rc6+ 37. Kb4 Rc4+ 38. Kb3 Rc6 39. Bb6 Ke6 40. Rd4 f5 41. Kb4 Kf6 42. Bc5 e5 43. Rd1 Be2 44. Re1 Ba6 45. Rh1 Ke6 46. h4 gxh3 47. Rxh3 Kd5 48. Bb6 Rc4+ 49. Kb3 Rc6 50. Rh5 Ke4 51. Rh7 Kf3 52. Re7 e4 53. Be3 Ke2 54. Re5 Rf6 55. Kb4 Kf3 56. Kc5 Kg4 57. Rd5 Bc8 58. Rd6 Rf7 59. a6 Kf3 60. Rc6 Rf8 61. a7 Bb7 62. Rb6 1-0

[Event "Timisoara Foisor Memorial Rapid"]
[Site "Timisoara"]
[Date "2024.08.03"]
[Round "4"]
[White "Ponomariov, Ruslan"]
[Black "Istratescu, Andrei"]
[Result "1-0"]
[WhiteElo "2654"]
[BlackElo "2377"]
[PlyCount "46"]
[EventDate "2024.08.03"]
[EventType "swiss (rapid)"]
[EventRounds "9"]
[EventCountry "ROU"]
[SourceTitle "CBM 221 Extra"]
[Source "ChessBase"]
[SourceDate "2024.09.30"]
[SourceVersion "1"]
[SourceVersionDate "2024.09.30"]
[SourceQuality "1"]

1. e4 c5 2. Nf3 d6 3. Bb5+ Bd7 4. c4 Nf6 5. Nc3 Nc6 6. 0-0 g6 7. Bxc6 Bxc6 8. d4 Bg7 9. d5 Bd7 10. e5 dxe5 11. Nxe5 0-0 12. Re1 Bf5 13. h3 Nd7 14. Bf4 h5 15. Qb3 Nxe5 16. Bxe5 Qd7 17. Bxg7 Kxg7 18. Ne4 Bxe4 19. Rxe4 f5 20. Re6 Rf6 21. Rae1 Rxe6 22. Rxe6 b6 23. Qg3 Qd8 1-0

[Event "Cluj GP Rapid"]
[Site "Cluj"]
[Date "2024.06.13"]
[Round "3"]
[White "Cosma, Elena Luminita"]
[Black "Istratescu, Andrei"]
[Result "1-0"]
[WhiteElo "2226"]
[BlackElo "2374"]
[PlyCount "63"]
[EventDate "2024.06.13"]
[EventType "swiss (rapid)"]
[EventRounds "10"]
[EventCountry "ROU"]
[SourceTitle "CBM 220 Extra"]
[Source "ChessBase"]
[SourceDate "2024.07.31"]
[SourceVersion "1"]
[SourceVersionDate "2024.07.31"]
[SourceQuality "1"]

1. d4 e6 2. Nf3 c5 3. g3 b5 4. Bg2 Bb7 5. 0-0 d5 6. a4 b4 7. c4 bxc3 8. bxc3 Nf6 9. Ba3 Nbd7 10. Nbd2 Be7 11. c4 0-0 12. Rc1 cxd4 13. Bxe7 Qxe7 14. Nxd4 Rfc8 15. Qb3 Nc5 16. Qa3 Qf8 17. cxd5 Bxd5 18. Bxd5 Nxd5 19. N2f3 a5 20. Ne5 Nb4 21. Nb5 f6 22. Nc4 Nd7 23. Qe3 Qe7 24. Ncd6 Rxc1 25. Rxc1 Nd5 26. Qd4 Ne5 27. Kg2 Nf7 28. Nxf7 Qxf7 29. e4 Nb4 30. Rc7 Qg6 31. Qc4 Kh8 32. Rc8+ 1-0